Democratic Republic of the Congo's Borders Quiz Stats

Quiz Updated Jan 18, 2018

Also try: Sudan's Borders
Challenge
Share
Tweet
Embed
Score 0/9 Timer 02:00
0 Plays Today
Country % Correct
Republic of the Congo
92.5%
Central African Republic
90.7%
Rwanda
90.6%
Uganda
88.4%
Angola
87.1%
Zambia
83.3%
South Sudan
83%
Tanzania
82.9%
Burundi
82.1%

You're not logged in!

Compare scores with friends on all Sporcle quizzes.
Sign Up with Email
OR
Log In

You Might Also Like...

Show Comments

Extras

Top Quizzes Today


Score Distribution

Your Account Isn't Verified!

In order to create a playlist on Sporcle, you need to verify the email address you used during registration. Go to your Sporcle Settings to finish the process.